000 00327nam a22001457a 4500
008 221012b ||||| |||| 00| 0 eng d
020 _a9781455745272
041 _aeng
080 _2professional edition
_a004
082 _a004
100 _a19
101 _ashk
245 _a2013 HCPCS LEVEL II
_cBUCK C
942 _2udc
_cBK
999 _c58500
_d58500